000 00225nam a22000857a 4500
008 221212b |||||||| |||| 00| 0 eng d
020 _a9780241342695
100 _aKinney Jeff
_97570
245 _aDiary of a Wimpy Kid (Rodrick Rules)
999 _c12199
_d12199